000 00854nam a2200241Ia 4500
003 OSt
005 20220923221701.0
006 a|||||r|||| 00| 0
007 ta
008 220922b |||||||| |||| 00| 0 hin d
024 _a199,285
037 _cTextual
040 _aARTS
_cARTS
_bhin
041 _2hin
_ahin
082 _aQv2, 152N3
100 _aअग्रहरि, नत्थूलाल गुप्त
_9158965
245 0 _aभारत में धर्म सिद्धान्त और परम्परा
246 _aBhārat mean dharma siddhānta aur paramparā
260 _aनागपुर
_b चेतना प्रकाशन
_c1993
300 _a310पृ.
_ccm.
942 _hQv2, 152N3
_cTEXL
_2CC
999 _c351060
_d351060